Zákon č.2/1991 Zb. o kolektívnom vyjednávaní v znení zákona č.519/1991 s komentárom
Ucelený tematický blok obsahujúci komentované znenie zákona o kolektívnom vyjednávaní a súvisiacich predpisov. Pozri tiež príspevok: Illášová, M.: Sprostredkovateľ a rozhodca (s.63-64).
Enregistré dans:
| Auteur principal: | |
|---|---|
| Format: | Chapitre de livre |
| Langue: | slovaque |
| Sujets: | |
| Tags: |
Pas de tags, Soyez le premier à ajouter un tag!
|
MARC
| LEADER | 00000naa a2200000 4500 | ||
|---|---|---|---|
| 001 | r024929 | ||
| 005 | 20221213100215.2 | ||
| 041 | 0 | |a slo | |
| 044 | |a SK | ||
| 245 | 1 | 0 | |a Zákon č.2/1991 Zb. o kolektívnom vyjednávaní v znení zákona č.519/1991 s komentárom |c Marta Vladárová |
| 520 | |a Ucelený tematický blok obsahujúci komentované znenie zákona o kolektívnom vyjednávaní a súvisiacich predpisov. Pozri tiež príspevok: Illášová, M.: Sprostredkovateľ a rozhodca (s.63-64). | ||
| 610 | 2 | 0 | |a vyjednávanie kolektívne |
| 610 | 2 | 0 | |a zmluvy kolektívne |
| 610 | 2 | 0 | |a odbory |
| 610 | 2 | 0 | |a zamestnávatelia |
| 610 | 2 | 0 | |a štát |
| 610 | 2 | 0 | |a MPSVR SR Bratislava |
| 610 | 2 | 0 | |a spory pracovné |
| 610 | 2 | 0 | |a sprostredkovatelia |
| 610 | 2 | 0 | |a konanie rozhodcovské |
| 610 | 2 | 0 | |a štrajky |
| 610 | 2 | 0 | |a právo pracovné |
| 610 | 2 | 0 | |a zodpovednosť |
| 610 | 2 | 0 | |a zabezpečenie nemocenské |
| 610 | 2 | 0 | |a zabezpečenie dôchodkové |
| 610 | 2 | 0 | |a zákony |
| 610 | 2 | 0 | |a právo medzinárodné |
| 610 | 2 | 0 | |a vyhlášky |
| 610 | 2 | 0 | |a dokumenty vládne |
| 610 | 2 | 0 | |a 1991 |
| 100 | 1 | |a Vladárová, Marta | |